Student manual with daily tasks [for] Practice kit for medical front office skills (Record no. 7818)

MARC details
000 -LEADER
fixed length control field 00455nam a2200133 4500
020 ## - INTERNATIONAL STANDARD BOOK NUMBER
ISBN 9781416026037
050 ## - CALL NUMBER
Classification number R859
Item number .83
100 ## - AUTHOR
Personal name Buck, Carol J.
-- Stahl, Cynthia
245 ## - TITLE
Title Student manual with daily tasks [for] Practice kit for medical front office skills
Statement of responsibility, etc by Carol J Buck; Cynthia Stahl; Jacqueline Grass
260 ## - PUBLICATION INFORMATION
Place of publication St. Louis :
Name of publisher Saunders Elsevier,
Year of publication 2007
300 ## - DESCRIPTION
Number of Pages 569 pp
650 ## - SUBJECTS
Topical Term Medical offices.
General subdivision Office Management
942 ## - ADDED ENTRY ELEMENTS (KOHA)
Koha item type Books
Holdings
Withdrawn status Lost status Home library Current library Date acquired Full call number Accession Number Koha item type
    Methodist University Library Wenchi Nursing Methodist University Library Wenchi Nursing 07/10/2021 R859 .83 37272 Books
Copyright © 2026  MUG Library